000 00646cam a2200205 a 4500
001 4472110
005 20240202050725.0
008 960809s1997 cauab b 001 0 eng
020 _a0520205464 (alk. paper)
040 _aDLC
_cDLC
_dDLC
082 0 0 _a954.03/1
_220
_bTHO
100 1 _aTrautmann, Thomas R.
245 1 0 _aAryans and British India /
_cThomas R. Trautmann.
260 _aBerkeley :
_bUniversity of California Press,
_c1997.
300 _axx, 260 p. :
650 0 _aIndo-Aryans
856 4 2 _uhttp://www.loc.gov/catdir/bios/ucal051/96034953.html
856 4 2 _uhttp://www.loc.gov/catdir/description/ucal041/96034953.html
942 _cL
999 _c282
_d282